000
00415nam a2200133Ia 4500
008
100328s9999 xx 000 0 und d
082
_b
12971
100
_a
---
245
_a
असून अडचण नसून खोळंबा
260
_b
---
630
_a
असून अडचण नसून खोळंबा
730
_a
असून अडचण नसून खोळंबा
942
_c
BOOK
999
_c
508197
_d
508194